[Event "Hannibal Online op U12"]
[Site "Chess.com INT"]
[Date "2020.06.07"]
[Round "7"]
[White "Muntean, Ana Maria"]
[Black "Stanciu, Rares Stefan"]
[Result "1-0"]
[WhiteElo "1015"]
[BlackElo "1104"]
[PlyCount "59"]
[EventDate "2020.06.01"]
[EventType "swiss"]
[EventRounds "9"]
[EventCountry "MDA"]
[SourceTitle "CBM 196 Extra"]
[Source "ChessBase"]
[SourceDate "2020.07.31"]
[SourceVersion "1"]
[SourceVersionDate "2020.07.31"]
[SourceQuality "1"]

1. e4 e5 2. Nf3 Nc6 3. Nc3 Nf6 4. Bc4 Bb4 5. d3 Bxc3+ 6. bxc3 d6 7. Bb2 0-0 8. h3 a6 9. a4 Na5 10. Ba2 b5 11. axb5 axb5 12. 0-0 Nc6 13. Bxf7+ Rxf7 14. Rxa8 d5 15. exd5 Nxd5 16. c4 Nb6 17. Ra1 Na4 18. Bxe5 Nxe5 19. Nxe5 Re7 20. Nc6 Qd7 21. Nxe7+ Qxe7 22. cxb5 Nc3 23. Re1 Qg5 24. Qf3 h6 25. Re8+ Kh7 26. Rxc8 Nd5 27. Qe4+ g6 28. Qe8 Kg7 29. Qf8+ Kh7 30. Qh8# 1-0

[Event "Hannibal Online op U12"]
[Site "Chess.com INT"]
[Date "2020.06.01"]
[Round "1"]
[White "Muntean, Ana Maria"]
[Black "Pragnya, HG."]
[Result "0-1"]
[WhiteElo "1015"]
[BlackElo "1640"]
[PlyCount "86"]
[EventDate "2020.06.01"]
[EventType "swiss"]
[EventRounds "9"]
[EventCountry "MDA"]
[SourceTitle "CBM 196 Extra"]
[Source "ChessBase"]
[SourceDate "2020.07.31"]
[SourceVersion "1"]
[SourceVersionDate "2020.07.31"]
[SourceQuality "1"]

1. e4 c5 2. Nf3 d6 3. Bc4 Nf6 4. Ng5 e6 5. d3 h6 6. Nf3 a6 7. Be3 Nc6 8. Nc3 d5 9. e5 Nh7 10. Bb3 d4 11. Ne4 dxe3 12. fxe3 Be7 13. 0-0 0-0 14. Qe2 Qc7 15. d4 Na5 16. d5 exd5 17. Bxd5 Nc6 18. Bxc6 Qxc6 19. Nfd2 Ng5 20. Ng3 Qg6 21. Kh1 Be6 22. Rg1 Rad8 23. Rac1 Rd5 24. h4 Nh7 25. h5 Qxg3 26. Nf3 Bg4 27. Rcf1 Ng5 28. e4 Bxf3 29. gxf3 Qh3+ 30. Qh2 Qxh2+ 31. Kxh2 Rd2+ 32. Kh1 Rfd8 33. Re1 Nxf3 34. Ref1 Nxg1 35. Rxg1 Rxc2 36. e6 Rdd2 37. exf7+ Kxf7 38. Rf1+ Kg8 39. Rb1 Rh2+ 40. Kg1 Rcg2+ 41. Kf1 Rf2+ 42. Ke1 Bh4 43. Rc1 Rh1# 0-1

[Event "FISCA Online U14 op"]
[Site "Chess.com INT"]
[Date "2020.05.09"]
[Round "1"]
[White "Shevchuk, Yuriy"]
[Black "Muntean, Ana Maria"]
[Result "1-0"]
[WhiteElo "1584"]
[BlackElo "1015"]
[PlyCount "65"]
[EventDate "2020.05.09"]
[EventType "swiss"]
[EventRounds "9"]
[EventCountry "ROU"]
[SourceTitle "EXT 2021"]
[Source "ChessBase"]
[SourceDate "2020.10.23"]
[SourceVersion "1"]
[SourceVersionDate "2020.10.23"]
[SourceQuality "1"]

1. d4 d6 2. e4 Nf6 3. Bd3 Bd7 4. c3 e6 5. Nf3 Be7 6. Bg5 h6 7. Bh4 Nc6 8. Qe2 a6 9. 0-0 0-0 10. Nbd2 Re8 11. Rfd1 Bf8 12. e5 dxe5 13. dxe5 Nd5 14. Bxd8 Nf4 15. Qf1 Raxd8 16. g3 Nd5 17. Ne4 f6 18. c4 Ndb4 19. exf6 Bc8 20. a3 Nxd3 21. Rxd3 Rxd3 22. Qxd3 b5 23. cxb5 axb5 24. Qxb5 Na7 25. Qxe8 Bb7 26. f7+ Kh7 27. Qxf8 Bxe4 28. Qg8+ Kg6 29. Nh4+ Kf6 30. f8Q+ Ke5 31. Qgxg7+ Kd5 32. Rd1+ Kc4 33. Qb4# 1-0